000 00518nam a2200229Ia 4500
003 OSt
005 20220925183822.0
006 a|||||r|||| 00| 0
007 ta
008 220923b |||||||| |||| 00| 0 eng d
020 _a^
037 _cGeneral Book
040 _aRTL
_cRTL
_beng
041 _2eng
_aeng
245 0 _aAnnual report
260 _aDelhi
_bM O P
_c1994
300 _a178p
_ccm.
650 _a India
_964395
650 _aHistory
942 _cGB
_2CC
999 _c505916
_d505916